Statistiques concernant Focus sur: George Weasley - Harry Potter

Cliquez ici pour prendre le quiz!

Statistiques générales

  • Ce quiz a été pris 902 fois
  • Le résultat moyen est 18 sur 21

Statistiques - réponses

Informations recherchéesRéponses% Correct
ProfessionDirigeant de Farces et Attrapes pour Sorciers Facétieux
99%
Lieu de rencontre avec Harry PotterQuai 9 3/4
99%
FrèreFred Weasley
98%
FilsFred Weasley II
98%
Ecole fréquentéePoudlard
98%
SœurGinny Weasley
97%
Maison fréquentéeGryffondor
97%
MèreMolly Weasley
97%
Couleur des cheveuxRoux
97%
Statut du sangSang-Pur
97%
PèreArthur Weasley
96%
FrèrePercy Weasley
96%
FrèreRon Weasley
96%
FrèreCharlie Weasley
95%
FrèreBill Weasley
94%
Première apparitionHarry Potter à l'école des sorciers
89%
Profession du pèreEmployé au ministère de la Magie
81%
EpouseAngelina Johnson
76%
Acteur l'interprétant dans les filmsOliver Phelps
47%
FilleRoxanne Weasley
47%
PatronusPie
46%

Distribution des résultats

Percentile par nombre de réponses

% des personnes avec chaque résultat

Votre développement - résultats

Vous n’avez pas pris ce quiz